<?xml version="1.0" encoding="UTF-8"?><?xml-stylesheet type="text/xsl" href="static/style.xsl"?><OAI-PMH xmlns="http://www.openarchives.org/OAI/2.0/" xmlns:xsi="http://www.w3.org/2001/XMLSchema-instance" xsi:schemaLocation="http://www.openarchives.org/OAI/2.0/ http://www.openarchives.org/OAI/2.0/OAI-PMH.xsd"><responseDate>2026-04-17T11:54:59Z</responseDate><request verb="GetRecord" identifier="oai:www.recercat.cat:10256/24488" metadataPrefix="marc">https://recercat.cat/oai/request</request><GetRecord><record><header><identifier>oai:recercat.cat:10256/24488</identifier><datestamp>2024-06-14T09:45:28Z</datestamp><setSpec>com_2072_452955</setSpec><setSpec>com_2072_2054</setSpec><setSpec>col_2072_453064</setSpec></header><metadata><record xmlns="http://www.loc.gov/MARC21/slim" xmlns:dcterms="http://purl.org/dc/terms/" xmlns:xsi="http://www.w3.org/2001/XMLSchema-instance" xmlns:doc="http://www.lyncode.com/xoai" xsi:schemaLocation="http://www.loc.gov/MARC21/slim http://www.loc.gov/standards/marcxml/schema/MARC21slim.xsd">
   <leader>00925njm 22002777a 4500</leader>
   <datafield ind2=" " ind1=" " tag="042">
      <subfield code="a">dc</subfield>
   </datafield>
   <datafield ind2=" " ind1=" " tag="720">
      <subfield code="a">Torró, Jaume</subfield>
      <subfield code="e">author</subfield>
   </datafield>
   <datafield ind2=" " ind1=" " tag="260">
      <subfield code="c">2023-12-30</subfield>
   </datafield>
   <datafield ind2=" " ind1=" " tag="520">
      <subfield code="a">This article argues for the identification of Ramon Boter, author of seven poems copied in the central witness to fifteenth-century Catalan poetry the Cançoner de París (BnF, esp. 225) with a knight from Cagliari belonging to a family of Catalan descent that settled in Sardinia after the Catalan-Aragonese conquest. An additional identification of the lady sung by the poet ('senyora Caterina') with Caterina of Sena, viscountess of Sanluri, allows the author of the article to sketch the existence of a Sardinian court a reflection of the courts of Alfonso and John of Trastámara in Barcelona, València, Saragossa, and Naples that produced and consumed literature in Catalan. This Sardinian location of both poet Ramon Boter and the literary circle of the viscount of Sanluri entails a reassessment of the linguistic and cultural history of Sardinia. Keywords Catalan Literature in Cagliari;Ramon Boter;Viscounts of Sanluri</subfield>
   </datafield>
   <datafield ind2=" " ind1=" " tag="520">
      <subfield code="a">Quest’articolo tratta dell’identificazione di Ramon Boter, autore di sette poemi copiati nel Canzoniere di Parigi (BNF esp. 225), testimone fondamentale della poesia catalana del XV secolo, con un cavaliere cagliaritano membro di una famiglia d’origine catalana insediata in Sardegna dall’epoca della conquista catalanoaragonese. La scoperta dell’identità della donna cantata dal poeta, la “senyora Caterina”, ossia Caterina de Sena, viscontessa di Sanluri, consente di delineare anche l’esistenza di una corte sarda, riflesso di quelle di Alfonso e Giovanni di Trastamara a Barcellona, Valencia, Saragozza e Napoli, dove si produceva e consumava letteratura in catalano. La localizzazione nell’isola del poeta Ramon Boter e del circolo letterario intorno al visconte di Sanluri apporta nuove conoscenze alla storia linguistica e culturale della Sardegna</subfield>
   </datafield>
   <datafield ind1="8" ind2=" " tag="024">
      <subfield code="a">http://hdl.handle.net/10256/24488</subfield>
   </datafield>
   <datafield tag="653" ind2=" " ind1=" ">
      <subfield code="a">Vescomtat de Sanluri</subfield>
   </datafield>
   <datafield tag="653" ind2=" " ind1=" ">
      <subfield code="a">Boter, Ramon (Boter i Algueró)</subfield>
   </datafield>
   <datafield tag="653" ind2=" " ind1=" ">
      <subfield code="a">Literatura catalana -- Itàlia --  Càller</subfield>
   </datafield>
   <datafield tag="653" ind2=" " ind1=" ">
      <subfield code="a">Catalan literature -- Italy -- Cagliari</subfield>
   </datafield>
   <datafield tag="653" ind2=" " ind1=" ">
      <subfield code="a">Viscounty of Sanluri</subfield>
   </datafield>
   <datafield ind2="0" ind1="0" tag="245">
      <subfield code="a">L'inserimento di Cagliari e della Sardegna nella letteratura catalana</subfield>
   </datafield>
   <datafield ind2="0" ind1="0" tag="245">
      <subfield code="a">The inclusion of Cagliari and Sardinia  in Catalan literature</subfield>
   </datafield>
</record></metadata></record></GetRecord></OAI-PMH>